|
|
|
|
| LEADER |
00000nam0a2200000 4500 |
| 001 |
36049 |
| 005 |
20231101210339.0 |
| 035 |
|
|
|a (RuTPU)RU\TPU\book\36510
|
| 035 |
|
|
|a BOOK00003162
|
| 090 |
|
|
|a 36049
|
| 100 |
|
|
|a 20011210d1984 km y0rusy50 ca
|
| 101 |
0 |
|
|a rus
|
| 102 |
|
|
|a RU
|
| 105 |
|
|
|a a g 000zy
|
| 200 |
1 |
|
|a Рентгеноэлектронная спектроскопия химических соединений
|e справочник
|f В. И. Нефедов
|
| 210 |
|
|
|a Москва
|c Химия
|d 1984
|
| 215 |
|
|
|a 255 с.
|c ил.
|
| 606 |
1 |
|
|a Рентгеноспектральный анализ
|x (химия)
|2 stltpush
|3 (RuTPU)RU\TPU\subj\25101
|9 49333
|
| 610 |
1 |
|
|a химические соединения
|
| 610 |
1 |
|
|a рентгеноэлектронная спектроскопия
|
| 610 |
1 |
|
|a химические связи
|
| 610 |
1 |
|
|a твердые тела
|
| 610 |
1 |
|
|a справочники
|
| 675 |
|
|
|a 543.427(035)
|v 3
|
| 700 |
|
1 |
|a Нефедов
|b В. И.
|g Вадим Иванович
|
| 801 |
|
0 |
|a RU
|b 63413507
|c 20011210
|g PSBO
|
| 801 |
|
2 |
|a RU
|b 63413507
|c 20150424
|g PSBO
|
| 900 |
|
|
|a Основы анализа поверхности твердых тел и тонких пленок
|
| 942 |
|
|
|c BK
|